| 000 | 01167cam a2200217 4500 | ||
|---|---|---|---|
| 001 | ##L131570 | ||
| 008 | 051116n2005 000 0 eng u | ||
| 035 | _a(Sirsi) u131570 | ||
| 041 | 0 | _aeng | |
| 050 | 0 | 4 | _a333.333 $2 18 |
| 110 |
_aUnited Kingdom _bOffice of the Deputy Prime Minister |
||
| 245 | 0 | 0 |
_aHome information packs and home condition reports _binformation for prospective home inspectors |
| 260 |
_aLondon _bODPM _c2005 |
||
| 520 | _aProvides guidance on the Home Condition Report, the standards required to undertake home inspections, electronic reporting and databanking of reports, the route to becoming a home inspector, the qualification in home inspection and indemnity insurance. | ||
| 590 | _aIKA221105 | ||
| 650 | 2 | 4 | _aHOUSING ACT 2004 |
| 650 | _aHOUSING ACT 2004 PART V | ||
| 690 | _aPROPERTY-RESIDENTIAL PROPERTY-ACQUISITION AND DISPOSAL OF RESIDENTIAL PROPERTY-HOME BUYING REFORM | ||
| 856 | 4 | 0 |
_uhttps://webarchive.nationalarchives.gov.uk/+/communities.gov.uk/pub/27/homeinformationpacksandhomeconditionreportspdf1671kb_id1151027.pdf _zView the guidance free of charge at the webarchive.nationalarchives.gov.uk website. |
| 942 | _n0 | ||
| 999 |
_c104784 _d104784 |
||